Sans toi - Zamdane / J9ueve - Statistiques

Statistiques générales
  • Ce quiz a été pris 73 fois
  • Le résultat moyen est 189 sur 426
Statistiques - réponses
Réponse % Correct
a
100%
à
100%
ma
91%
la
88%
88%
de
84%
et
81%
il
81%
au
78%
avec
78%
des
78%
ai
75%
dla
75%
jen
75%
fond
72%
meuf
72%
salle
72%
un
72%
ça
69%
dans
69%
du
69%
marre
69%
te
69%
toi
69%
voir
69%
fait
66%
mal
66%
nous
66%
que
66%
trop
66%
comme
63%
comment
63%
désaccord
63%
moi
63%
tu
63%
est
59%
j9
59%
jsuis
59%
parle
59%
peux
59%
pu
59%
sans
59%
tes
59%
dnous
56%
en
56%
lourd
56%
émotions
53%
jte
53%
jure
53%
mais
53%
renier
53%
rue
53%
symphonie
53%
accords
50%
après
50%
cœur
50%
jrepense
50%
le
50%
mdi
50%
mon
50%
nan
50%
rien
47%
ses
47%
viens
47%
ya
47%
autant
44%
pas
44%
pour
44%
si
44%
fort
41%
même
41%
bras
38%
cest
38%
histoires
38%
jai
38%
les
38%
questce
38%
frère
34%
jfous
34%
jvais
34%
mvoir
34%
papier
34%
pété
34%
sentretuer
34%
dehors
31%
dur
31%
enfaite
31%
faut
31%
kich
31%
miens
31%
31%
nonstop
31%
31%
veulent
31%
veux
31%
dernière
28%
grandi
28%
jréponds
28%
palmier
28%
plomb
28%
pluie
28%
dis
25%
ils
25%
mcapter
25%
pied
25%
sous
25%
tout
25%
ont
22%
prendsmoi
22%
jcrois
19%
nager
19%
quand
19%
linstant
16%
abonné
13%
chaud
13%
ici
13%
jfinirais
13%
merde
13%
sersmoi
13%
une
13%
donné
9%
elle
9%
jme
9%
ltop
9%
oh
9%
peutêtre
9%
z
9%
cque
6%
envieux
6%
han
6%
jlai
6%
lmois
6%
loin
6%
tête
6%
vide
6%
aimé
3%
caisse
3%
cris
3%
fakes
3%
fesses
3%
images
3%
j’aurais
3%
jchante
3%
jvois
3%
maison
3%
noir
3%
plaît
3%
sur
3%
téléphone
3%
tsais
3%
9
0%
avant
0%
bon
0%
cassetoa
0%
cétait
0%
doigts
0%
fête
0%
jcroise
0%
job
0%
jrevois
0%
lake
0%
merco
0%
mmh
0%
mvois
0%
nueve
0%
parler
0%
plage
0%
puis
0%
qj
0%
quon
0%
shann
0%
shine
0%
s’il
0%
tire
0%
Aucun quiz correspondant
Distribution des résultats
% des personnes avec chaque résultat
Percentile par nombre de réponses
Votre historique - résultats
Vous n’avez pas pris ce quiz